00638pab a2200205 454500008004000000100002200040245007300062260000900135300001100144362001100155650002300166650003900189650002800228700002300256773001500279908000600294909001000300999001700310952010500327180718b2012 xxu||||| |||| 00| 0 eng d aRather, Tareak A. aOf Gilani's exit and the culture of Pakistan's political instability c2012 ap.7-9. a14 Jul aGilani, Yosuf Raza aPakistan - Politics and government aPolitics and government aShah, Adfar Rashid aMainstream aN a97460 c97460d97460 00104070aIIPAbIIPAd2018-07-19hVolume no: 50, Issue no: 30pAR97920r2018-07-19w2018-07-19yAR